000 01131pab a2200157 454500
008 180718b2007 xxu||||| |||| 00| 0 eng d
100 _aFoss, Nicolai J.
245 _aThe emerging knowledge governance approach: challenges and characteristics
260 _c2007
300 _ap.29-52.
362 _aJan
520 _aThe `knowledge governance approach' is characterized as a distinctive, emerging approach that cuts across the fields of knowledge management, organization studies, strategy and human resource management. Knowledge governance is taken up with how the deployment of governance mechanisms influences knowledge processes, such as sharing, retaining and creating knowledge. It insists on clear micro (behavioural) foundations, adopts an economizing perspective, and examines the links between knowledge-based units of analysis with diverse characteristics and governance mechanisms with diverse capabilities of handling these transactions. Research issues that the knowledge governance approach illuminates are sketched. - Reproduced.
650 _aKnowledge management
773 _aOrganization
909 _a73160
999 _c73160
_d73160